| 000 | 00720nam a2200253 a 4500 | ||
|---|---|---|---|
| 005 | 20210219153014.0 | ||
| 008 | 991125n 000 0 u | ||
| 035 | _aUPN01000072651 | ||
| 100 | _aBarona, Andres | ||
| 222 | _aPSYCHOLOGY IN THE SCHOOLS | ||
| 245 | _aDifferential effects of sociocultural variables on special education eligibility categories | ||
| 300 | _a313-320 | ||
| 362 | _a29, No. 4, 1992 | ||
| 505 | _aMayo 1993 | ||
| 653 | 0 | _aDIMENSION DE LA FAMILIA | |
| 653 | 0 | _aEDUCACION ESPECIAL | |
| 653 | 0 | _aELEGIBILIDAD | |
| 653 | 0 | _aETHNICITY | |
| 653 | 0 | _aHUERFANO DE PADRE | |
| 653 | 0 | _aSTATUS SOCIOECONOMICO | |
| 700 | _aFaykus, Suzanne P. | ||
| 904 |
_aAC _b010462 |
||
| 905 | _aArticulo | ||
| 999 |
_c66038 _d66038 |
||